Biela Stopa, 36.-40. ročník a Big Air v meste Kremnica, 1.-6. ročník výberová regionálna tematická bibliografia

Bibliographic Details
Other Authors: Madudová, Alžbeta, 1961- (Compiler)
Format: Software eBook
Language:Slovak
PhysicalDescription:1 elektronický optický disk (CD-ROM) fareb. 12 cm
Published: Kremnica Knižnica Jána Kollára 2014
ISBN:9788089556083 (elektronická kniha)
Subjects:

MARC

LEADER 00000nam a2200000 a 4500
001 vtls010648430
003 SK-MaSNL
005 20260301135023.0
007 co cg auuua
008 160430s2014 xo | fsb 001 0dslo
015 |a SNBS2015 
020 |a 9788089556083 (elektronická kniha) 
040 |a SNK  |b slo  |c SNK  |e AACR2 
041 0 |a slo 
043 |a e-xo--- 
044 |a xo  |c SK 
072 7 |a 796  |x Šport. Hry. Telesné cvičenia  |2 konspekt 
080 |a 796.922  |2 2001 
080 |a 796.92.093  |2 2001 
080 |a (437.6)  |2 2001 
080 |a (015)  |2 2001 
080 |a (019.922)  |2 2001 
080 |a (0.034.44)  |2 2001 
245 0 0 |a Biela Stopa, 36.-40. ročník a Big Air v meste Kremnica, 1.-6. ročník  |h elektronický zdroj  |b výberová regionálna tematická bibliografia  |c zostavila: Alžbeta Madudová 
260 |a Kremnica  |b Knižnica Jána Kollára  |c 2014 
300 |a 1 elektronický optický disk (CD-ROM)  |b fareb.  |c 12 cm 
500 |a Vydal Banskobystrický samosprávny kraj, Knižnica J. Kollára v Kremnici 
500 |a Názov z titulnej obrazovky, biogr. údaje 
504 |a Autorský register 
516 |a Textový dokument (bibliografie), súbor vo formáte pdf 
538 |a Technické požiadavky: PDF prehliadač 
611 2 7 |a Biela stopa  |c (Kremnica, Slovensko)  |2 SNKKA  |9 482632 
648 7 |a 2009-2013  |2 SNKPH  |9 318680 
650 0 7 |a beh na lyžiach  |2 SNKPH  |9 3259 
650 0 7 |a lyžiarske preteky  |2 SNKPH  |9 55635 
650 0 7 |a Cross-country skiing  |2 SNKPHeng  |9 476347 
650 0 7 |a Ski racing  |2 SNKPHeng  |9 410632 
655 7 |a elektronické zdroje  |2 SNKPH  |9 90954 
655 7 |a CD-ROM  |2 SNKPH  |9 70236 
655 7 |a regionálne bibliografie  |2 SNKPH  |9 70484 
655 7 |a výberové bibliografie  |2 SNKPH  |9 70561 
655 7 |a Regional bibliography  |2 SNKPHeng  |9 333241 
655 7 |a Selective bibliography  |2 SNKPHeng  |9 274272 
655 7 |a Electronic resources  |2 SNKPHeng  |9 175546 
700 1 |a Madudová, Alžbeta,  |d 1961-  |4 com  |9 229657 
919 |a 978-80-89556-08-3 
958 |a SF 
958 |a RG 
999 |c 758827  |d 760757 
952 |a SNK  |b SNK  |y PREZ  |7 0  |p 17A1134908  |o snkSCDM 7028  |i snk2015/1794  |8 0  |0 0  |1 0  |4 0  |d 2015-01-21  |l 0  |r 2026-02-23 23:56:52  |w 2026-02-23